000 00327nam a22001457a 4500
008 230706b ||||| |||| 00| 0 eng d
020 _a9780618950720
041 _aeng
080 _a51
082 _a51WIL
100 _a24
101 _aMATE
245 _aPRECALCULUS A MAKE IT REAL APPROACH
_cWILSON.C.F
942 _2udc
_cBK
999 _c60104
_d60104